Catalogue of Genealogische Arbeitsgemeinschaft
Lahn-Dill-Kreis e.V.

Familienbuch Kirch-Göns und Pohl-Göns (Record no. 2508)

MARC details
000 -Satzkennung
Kontrollfeld mit fester Länge 01812pam a2200457 c 4500
001 - Kontrollnummer
Kontrollfeld 1024902234
003 - Kontrollnummer Identifier
Kontrollfeld DE-101
005 - Datum und Zeit der letzten Transaktion
Kontrollfeld 20240131205525.0
007 - Feld mit fester Länge zur physischen Beschreibung - Allgemeine Information
Kontrollfeld mit fester Länge tu
008 - Feld mit fester Länge zur physischen Beschreibung - Allgemeine Angaben
Kontrollfeld mit fester Länge 120807s2012 gw ||||| |||| 00||||ger
015 ## - Nummer der Nationalbibliografie
Nummer der Nationalbibliografie 12,B35
Gelöschte/Ungültige Nummer der Nationalbibliografie 12,N33
Quelle dnb
016 7# - Kontrollnummer der nationalbibliografischen Agentur
Quelle DE-101
Datensatzkontrollnummer 1024902234
020 ## - Internationale Standardbuchnummer
Internationale Standardbuchnummer 9783864240546
Bezugsbedingungen Gewebe : EUR 36.00 (DE), EUR 37.10 (AT)
024 3# - Anderer Standardidentifier
Standardnummer oder Code 9783864240546
035 ## - Systemkontrollnummer
System-Kontrollnummer (DE-599)DNB1024902234
035 ## - Systemkontrollnummer
System-Kontrollnummer (OCoLC)808728162
040 ## - Katalogisierungsquelle
Original-Katalogisierungsstelle 1245
Katalogisierungssprache ger
Übertragungsstelle DE-101
Bearbeitungsstelle 9999
041 ## - Sprachcode
Sprachcode des Textes/der Tonspur oder des separaten Titels ger
044 ## - Ländercode der veröffentlichenden/herstellenden Stelle
ISO-Ländercode XA-DE-RP
082 04 - Notation nach der Dewey Decimal Classification
Feldverknüpfung und Reihenfolge 2\u
Notation 929.34341662
Zuweisende Stelle DE-101
Ausgabenummer 22/ger
083 7# - Zusätzliche DDC-Notation
Notation 920
-- 943
Zuweisende Stelle DE-101
Ausgabenummer 22sdnb
085 ## - Synthetische Notation und ihre Bestandteile
Feldverknüpfung und Reihenfolge 2\u
Base number 929.3
085 ## - Synthetische Notation und ihre Bestandteile
Feldverknüpfung und Reihenfolge 2\u
Table identification 2
Digits added from classification number in schedule or external table 4341662
090 ## - LOCALLY ASSIGNED LC-TYPE CALL NUMBER (OCLC); LOCAL CALL NUMBER (RLIN)
Notation (OCLC) (R) ; Notation, CALL (RLIN) (NR) b
100 1# - Haupteintragung - Personenname
Feldverknüpfung und Reihenfolge 1\p
Personenname Binzer, Edgar
Funktionsbezeichnung Verfasser
Code für Beziehungskennzeichnung aut
245 10 - Titel
Titel Familienbuch Kirch-Göns und Pohl-Göns
Zusatz zum Titel ab 1610
Verfasserangabe etc. Edgar Binzer
264 #1 - Produktion, Veröffentlichung, Distribution, Herstellung und Urheberrechtsvermerk
Herstellungs-, Veröffentlichungs- Vertriebs-, Erzeugungsort Plaidt
Produzent, Herausgeber, Distributor, Hersteller Cardamina-Verl. Breuel
Datum der Herstellung, der Veröffentlichung, des Vertriebs oder des Urheberschutzvermerks 2012
300 ## - Physische Beschreibung
Umfang 609 S.
Maße 31 cm
336 ## - Inhaltstyp
Inhaltstypterm Text
Inhaltstypcode txt
Quelle rdacontent
337 ## - Medientyp
Bezeichnung des Medientyps ohne Hilfsmittel zu benutzen
Medientypcode n
Quelle rdamedia
338 ## - Datenträgertyp
Datenträgertypbezeichnung Band
Datenträgertypcode nc
Quelle rdacarrier
490 1# - Gesamttitelangabe
Gesamttitelangabe Reihe Deutsche Ortssippenbücher
Bandnummer/Folgebezeichnung Bd. 00.689
500 ## - Allgemeine Fußnote
Allgemeine Fußnote Inhalt<br/><br/>006 Vorwort<br/>007 Grußwort von Pfarrer William Thum<br/>008 Tipps zur Benutzung<br/>009 Quellen<br/>009 Pfarrer in Kirch-Göns<br/>010 Pfarrer in Pohl-Göns<br/>011 Die amilien<br/>588 Register der Namen<br/>602 Register der Orte
653 ## - Indexierungsterm - Nicht normiert
Nicht-normierter Term (Produktform)Hardback
653 ## - Indexierungsterm - Nicht normiert
Nicht-normierter Term (VLB-WN)1558: Hardcover, Softcover / Geschichte/Regionalgeschichte, Ländergeschichte
830 #0 - Nebeneintragung unter dem Gesamttitel - Einheitstitel
Einheitstitel Deutsche Ortssippenbücher
Bandnummer/Folgebezeichnung Bd. 00.689
Datensatzkontrollnummer (DE-101)101500783X
-- (DE-600)2626990-9
Koha-Normdatenidentnummer 10 3689
Kontrollunterfeld as
856 42 - Elektronische Adresse und Zugriff
Kontaktstelle für Hilfe beim Zugriff B:DE-101
Elektronisches Format application/pdf
URL <a href="https://d-nb.info/1024902234/04">https://d-nb.info/1024902234/04</a>
Spezifische Materialangaben Inhaltsverzeichnis
883 2# - Metadatenprovenienz
Feldverknüpfung und Reihenfolge 1\p
Erstellungsprozess dnb
Herstellungsdatum 20200610
Zuweisende oder erstellende Stelle DE-101
URL https://d-nb.info/provenance/plan#dnb
942 ## - Zusätzliche Felder (Koha)
Klassifikation oder Aufstellungssystematik Andere/Generische Klassifikation
Koha-Medientyp Buch
OPAC-Anzeige unterdrücken Nein
Holdings
Ausgeschieden Verloren Klassifikation oder Aufstellungssystematik Beschädigt Nicht entleihbar Sammlung Heimatbibliothek Aktuelle Bibliothek Aufstellungsort Erwerbungsdatum Anzahl Ausleihen Signatur Letzte Aktivität Koha-Medientyp
    Andere/Generische Klassifikation     Personenbezogene Ahnenforschung Genealogische Arbeitsgemeinschaft Lahn-Dill-Kreis e.V. Genealogische Arbeitsgemeinschaft Lahn-Dill-Kreis e.V. Standort 31/01/2024   FG 20.410 31/01/2024 Buch

Genealogische Arbeitsgemeinschaft Lahn-Dill-Kreis e.V. Data protection-and-Imprint